000
00493nam a2200169Ia 4500
008
090711s9999 xx 000 0 und d
082
_b
52701
100
_a
दळवी सदानंद
245
_a
वर्तुळाSया आत
260
_c
1983
300
_a
27
600
_a
दळवी सदानंद
630
_a
वर्तुळाSया आत
700
_a
दळवी सदानंद
730
_a
वर्तुळाSया आत
942
_c
BOOK
999
_c
307104
_d
307104